00301nam a2200109Ia 4500008004100000082001600041100001700057245005700074260003700131300000800168650001500176191201s1999 xx 000 0 und d a004.16bPRP aPREDKO, Myke 0aProgramming and Customizing the 8051 Microcontroller aN.DelhibTata Mc Graw Hillc1999 a541 aB.Tech(IT)